Mathematische Formeln

Gespeichert in:
Bibliographische Detailangaben
1. Verfasser: Bartsch, Hans-Jochen
Format: Buch
Sprache:Deutsch
Veröffentlicht: Leipzig Fachbuchverlag 1984
Ausgabe:20. Aufl.
Tags: Tag hinzufügen
Keine Tags, Fügen Sie das erste Tag hinzu!

MARC

LEADER 00000nam a2200000 4500
001 c108805
005 20041019155142.4
041 0 |a ger 
044 |a DE 
245 1 0 |a Mathematische Formeln  |c Hans-Jochen Bartsch 
250 |a 20. Aufl. 
264 1 |a Leipzig  |b Fachbuchverlag  |c 1984 
300 |a 580 s. 
100 1 |a Bartsch, Hans-Jochen